LDR 00721nam a2200205 i 4500 001 000000109576 003 CaOOAMICUS 005 20260408095255.0 008 021108s2002 it u000 u ita u 020 $a88-02-05983-7 040 $aSeMil$bita 245 10$a21: Toi-Z. 300 $a1111 p. 773 0 $aBattaglia, Salvatore <1904-1971>$tGrande dizionario della lingua italiana.$dTorino : UTET, 1961-2009.$g21$w()6614 850 $aSeMil 852 $aSeMil$W1$xVenegono$y1$mSL1.A V 21$j269850$B65552$CSeMilBibl$Z2$F72897 $8I 961 $aSottoscrizione: UTET (Agente) 996 $6020$a88-02-05983-7$9(OLS)http://semarc/number/90988 996 $6245$a21: Toi-Z$9(OLS)http://semarc/title/159097